000 00363nam a2200145Ia 4500
008 231217s9999 xx 000 0 und d
041 _aEnglish
082 _a001.6424C BAR ' R'
100 _aBarkakati, Nabajyoti
245 0 _aObject oriented programming in C++
260 _c1991
_bNew Delhi : PHI,
300 _axxix+666
650 _aC++
942 _cAA
999 _c165654
_d165654